[Event "Baku Open 2024"]
[Site "Baku"]
[Date "2024.07.07"]
[Round "9.15"]
[White "Kaldarova, Ayaulym"]
[Black "Aradhya, Garg"]
[Result "0-1"]
[WhiteElo "2100"]
[BlackElo "2418"]
[Annotator "TA"]
[PlyCount "84"]
[EventDate "2024.06.29"]
[EventType "swiss"]
[EventCountry "AZE"]
[SourceTitle "playchess.com"]
[Source "ChessBase"]
[SourceQuality "1"]

1. Nf3 Nf6 2. c4 c5 3. Nc3 Nc6 4. g3 g6 5. d4 cxd4 6. Nxd4 Bg7 7. Bg2 h5 8. h4 Ng4 9. e3 O-O 10. O-O d6 11. b3 d5 12. cxd5 Nxd4 13. exd4 Qb6 14. Na4 Qxd4 15. Qxd4 Bxd4 16. Bb2 Bxb2 17. Nxb2 Bf5 18. Rfe1 Rfe8 19. Rac1 Rac8 20. Nc4 b6 21. Bf3 Kf8 22. d6 b5 23. dxe7+ Rxe7 24. Rxe7 Kxe7 25. Re1+ Be6 26. Ne5 Nxe5 27. Rxe5 a6 28. Kg2 Rc2 29. a4 Kd6 30. Re3 b4 31. Re4 a5 32. Rd4+ Ke5 33. Re4+ Kf6 34. Rd4 Bxb3 35. Bd1 Bxa4 36. Rd6+ Ke5 37. Bxc2 Bxc2 38. Rb6 b3 39. f4+ Kd4 40. g4 Kc3 41. f5 b2 42. gxh5 gxh5 0-1

[Event "Baku Open 2024"]
[Site "Baku"]
[Date "2024.07.07"]
[Round "9.16"]
[White "Talibov, Shiroghlan"]
[Black "Md Imran"]
[Result "1-0"]
[WhiteElo "2361"]
[BlackElo "2180"]
[Annotator "TA"]
[PlyCount "75"]
[EventDate "2024.06.29"]
[EventType "swiss"]
[EventCountry "AZE"]
[SourceTitle "playchess.com"]
[Source "ChessBase"]
[SourceQuality "1"]

1. e4 e6 2. d4 d5 3. Nc3 Nf6 4. Bg5 Bb4 5. e5 h6 6. Bd2 Bxc3 7. bxc3 Ne4 8. Qg4 Kf8 9. Bd3 Nxd2 10. Kxd2 Qg5+ 11. Qxg5 hxg5 12. Rf1 Bd7 13. g4 c5 14. Nf3 Nc6 15. dxc5 Ke7 16. Re1 f6 17. h4 fxe5 18. Nxg5 e4 19. Be2 Raf8 20. f3 Ne5 21. fxe4 dxe4 22. Ke3 Ng6 23. Ref1 e5 24. Rxf8 Rxf8 25. Bc4 Bxg4 26. Bd5 b6 27. Bxe4 Bf5 28. Rb1 Bxe4 29. Kxe4 bxc5 30. h5 Nh4 31. Kd5 Rd8+ 32. Kxe5 Rd7 33. Rg1 Rd2 34. Rg4 Rg2 35. Rxg2 Nxg2 36. Ne6 Ne3 37. Nxg7 Nxc2 38. Nf5+ 1-0

[Event "Baku Open 2024"]
[Site "Baku"]
[Date "2024.07.07"]
[Round "9.17"]
[White "Iskandarov, Misratdin"]
[Black "Rustamov, Rustam"]
[Result "1-0"]
[WhiteElo "2524"]
[BlackElo "2285"]
[Annotator "TA"]
[PlyCount "79"]
[EventDate "2024.06.29"]
[EventType "swiss"]
[EventCountry "AZE"]
[SourceTitle "playchess.com"]
[Source "ChessBase"]
[SourceQuality "1"]

1. c4 Nf6 2. Nc3 e5 3. Nf3 Nc6 4. e3 d5 5. cxd5 Nxd5 6. Bb5 Nxc3 7. bxc3 Bd6 8. d4 Bd7 9. a4 a6 10. Be2 O-O 11. O-O Qe7 12. Nd2 exd4 13. cxd4 Rfe8 14. Bf3 Rab8 15. Nc4 Bb4 16. Qc2 b5 17. axb5 axb5 18. Nd2 Na5 19. Nb1 c5 20. dxc5 Rec8 21. Bd2 Bxc5 22. Bxa5 Bd4 23. Qxc8+ Rxc8 24. exd4 Qf6 25. Nc3 Be6 26. Nxb5 h6 27. d5 Bd7 28. Na7 Rc2 29. Nc6 g5 30. Bb6 Rd2 31. Be3 Rd3 32. Be4 Rxe3 33. fxe3 Qc3 34. Kh1 Kg7 35. Nd4 Qxe3 36. Nf5+ Bxf5 37. Bxf5 Qe5 38. Rad1 Qd6 39. Be4 Qe5 40. d6 1-0

[Event "Baku Open 2024"]
[Site "Baku"]
[Date "2024.07.07"]
[Round "9.18"]
[White "Zhalmakhanov, Ramazan"]
[Black "Suleymanli, Suleyman"]
[Result "1-0"]
[WhiteElo "2505"]
[BlackElo "2262"]
[Annotator "TA"]
[PlyCount "97"]
[EventDate "2024.06.29"]
[EventType "swiss"]
[EventCountry "AZE"]
[SourceTitle "playchess.com"]
[Source "ChessBase"]
[SourceQuality "1"]

1. e4 e6 2. d4 d5 3. Nc3 Nf6 4. Bg5 Be7 5. e5 Nfd7 6. h4 h6 7. Be3 c5 8. Qg4 g6 9. dxc5 Nxe5 10. Qg3 Nbc6 11. O-O-O h5 12. Bf4 Ng4 13. f3 e5 14. Rxd5 Qa5 15. Bg5 Be6 16. Bxe7 Ne3 17. Bb5 Nxd5 18. Nxd5 Bxd5 19. Bxc6+ bxc6 20. Qxe5 Kd7 21. c4 Rae8 22. cxd5 Qxc5+ 23. Bxc5 Rxe5 24. Nh3 cxd5 25. Bxa7 Ra8 26. Bd4 Ree8 27. Kb1 Reb8 28. Nf4 Rb5 29. Rd1 Kd6 30. b3 Rg8 31. Bf6 Rc8 32. Kb2 Ra8 33. a4 Rc5 34. Bd4 Rc6 35. Bc3 Ke7 36. Nxd5+ Ke6 37. Nf4+ Ke7 38. a5 Rb8 39. Nd5+ Ke6 40. Nb6 Rc5 41. b4 Rb5 42. Kb3 g5 43. Re1+ Kf5 44. Kc4 R5xb6 45. axb6 gxh4 46. Re5+ Kf4 47. Re4+ Kg5 48. Bd4 f5 49. Re7 1-0

[Event "Baku Open 2024"]
[Site "Baku"]
[Date "2024.07.07"]
[Round "9.20"]
[White "Aleksandrov, Aleksej"]
[Black "Tregubenko, Nikolay"]
[Result "1-0"]
[WhiteElo "2405"]
[BlackElo "2246"]
[Annotator "TA"]
[PlyCount "81"]
[EventDate "2024.06.29"]
[EventType "swiss"]
[EventCountry "AZE"]
[SourceTitle "playchess.com"]
[Source "ChessBase"]
[SourceQuality "1"]

1. d4 Nf6 2. c4 g6 3. Nc3 Bg7 4. e4 d6 5. Be2 O-O 6. Be3 e5 7. d5 Na6 8. h4 Nc5 9. Qc2 Qe8 10. h5 Nxh5 11. Bxh5 gxh5 12. Nb5 Qe7 13. Rxh5 f5 14. exf5 e4 15. g4 Nd3+ 16. Kf1 Bxb2 17. Rd1 Be5 18. Rxd3 exd3 19. Qxd3 c5 20. Nf3 a6 21. Nc3 Rf7 22. Ne4 b5 23. Neg5 Rg7 24. Qe4 bxc4 25. Ne6 Bxe6 26. dxe6 Re8 27. Nxe5 dxe5 28. g5 Qb7 29. Rh4 Rc7 30. Qxb7 Rxb7 31. Rxc4 h6 32. Rxc5 hxg5 33. a4 Rb1+ 34. Kg2 Rb4 35. Kg3 Rb1 36. Rxe5 Kg7 37. Bxg5 Rc8 38. f6+ Kg6 39. f7 Rg1+ 40. Kf3 Kg7 41. Be7 1-0

[Event "Baku Open 2024"]
[Site "Baku"]
[Date "2024.07.07"]
[Round "9.21"]
[White "Ajay Santhosh Parvathareddy"]
[Black "Ahmad, Khagan"]
[Result "0-1"]
[WhiteElo "2163"]
[BlackElo "2401"]
[Annotator "TA"]
[PlyCount "116"]
[EventDate "2024.06.29"]
[EventType "swiss"]
[EventCountry "AZE"]
[SourceTitle "playchess.com"]
[Source "ChessBase"]
[SourceQuality "1"]

1. e4 c5 2. Nf3 d6 3. d4 cxd4 4. Nxd4 Nf6 5. Nc3 a6 6. Be3 e5 7. Nb3 Be6 8. h3 Be7 9. Qf3 Nbd7 10. O-O-O Rc8 11. Nd5 Bxd5 12. exd5 Nb6 13. Bxb6 Qxb6 14. Bd3 Nd7 15. Kb1 g6 16. g4 Bh4 17. Rdf1 Qd8 18. Rfg1 Qg5 19. Na5 Nc5 20. Nc4 Qd8 21. Qe3 O-O 22. Nd2 Bg5 23. Qe2 Bxd2 24. Qxd2 Qh4 25. f3 Rc7 26. c3 b5 27. Bc2 Re8 28. f4 exf4 29. Qxf4 Re5 30. Rd1 Rce7 31. b4 Nd7 32. Qd4 Re3 33. c4 bxc4 34. Qxc4 Re2 35. Qxa6 Qg3 36. Qc8+ Kg7 37. Qc4 R7e3 38. Qd4+ Ne5 39. Rdg1 Qf2 40. Qb2 Re1+ 41. Rxe1 Rxe1+ 42. Rxe1 Qxe1+ 43. Qc1 Qxb4+ 44. Bb3 Qe4+ 45. Ka1 Qd4+ 46. Qb2 Qg1+ 47. Qb1 Qe3 48. a4 Qxh3 49. Qb2 Qxg4 50. Qc3 h5 51. a5 h4 52. a6 h3 53. a7 Qg1+ 54. Kb2 Qf2+ 55. Bc2 Qxa7 56. Qxh3 Nc4+ 57. Kb1 Qd4 58. Kc1 Qa1+ 0-1

[Event "Baku Open 2024"]
[Site "Baku"]
[Date "2024.07.07"]
[Round "9.22"]
[White "Davidov, Samir"]
[Black "Soham Kamotra"]
[Result "0-1"]
[WhiteElo "2244"]
[BlackElo "2388"]
[Annotator "TA"]
[PlyCount "66"]
[EventDate "2024.06.29"]
[EventType "swiss"]
[EventCountry "AZE"]
[SourceTitle "playchess.com"]
[Source "ChessBase"]
[SourceQuality "1"]

1. d4 Nf6 2. Bf4 e6 3. e3 c5 4. c3 d5 5. Nf3 Nc6 6. Nbd2 cxd4 7. exd4 Nh5 8. Bg5 f6 9. Bh4 Bd6 10. Ne5 Nf4 11. Nd3 Ng6 12. Qh5 O-O 13. Be2 Nxh4 14. Qxh4 Ne7 15. f4 Qc7 16. O-O Bd7 17. Bg4 Rae8 18. Qh3 Nf5 19. Rae1 g6 20. Qf3 Kh8 21. Nb3 b6 22. Qd1 a5 23. Bf3 a4 24. Nbc1 a3 25. Rf2 axb2 26. Rxb2 Qxc3 27. Ne2 Qa5 28. Qb1 Rb8 29. Rc1 Ba3 30. Rc7 Bxb2 31. Qxb2 Bb5 32. Nb4 Rbc8 33. Rb7 Bc6 0-1

[Event "Baku Open 2024"]
[Site "Baku"]
[Date "2024.07.07"]
[Round "9.23"]
[White "Atakishiyev, Elmar"]
[Black "Orujov, Farid"]
[Result "1/2-1/2"]
[WhiteElo "2356"]
[BlackElo "2243"]
[Annotator "TA"]
[PlyCount "50"]
[EventDate "2024.06.29"]
[EventType "swiss"]
[EventCountry "AZE"]
[SourceTitle "playchess.com"]
[Source "ChessBase"]
[SourceQuality "1"]

1. e4 e5 2. Nf3 Nf6 3. d4 Nxe4 4. Bd3 Nc6 5. Nxe5 Nxe5 6. Bxe4 d5 7. dxe5 dxe4 8. Qxd8+ Kxd8 9. Bg5+ Ke8 10. Nc3 Bb4 11. O-O-O Bg4 12. Rd4 Bxc3 13. bxc3 h6 14. Rxe4 Bf3 15. gxf3 hxg5 16. Rg4 Rh5 17. h4 gxh4 18. Rhxh4 Rxh4 19. Rxh4 Ke7 20. Kd2 Ke6 21. f4 Rd8+ 22. Ke3 g6 23. Rh1 Kf5 24. Rh7 Ke6 25. Rh1 Kf5 1/2-1/2

[Event "Baku Open 2024"]
[Site "Baku"]
[Date "2024.07.07"]
[Round "9.24"]
[White "Mammadova, Gulnar"]
[Black "Amangeldy, Ernur"]
[Result "1-0"]
[WhiteElo "2348"]
[BlackElo "2223"]
[Annotator "TA"]
[PlyCount "27"]
[EventDate "2024.06.29"]
[EventType "swiss"]
[EventCountry "AZE"]
[SourceTitle "playchess.com"]
[Source "ChessBase"]
[SourceQuality "1"]

1. e4 c5 2. Nf3 Nc6 3. Bb5 e5 4. O-O Bd6 5. d3 Nge7 6. Bc4 h6 7. Nc3 O-O 8. Nh4 Bc7 9. Qh5 Na5 10. Bd5 d6 11. f4 exf4 12. Bxf4 Be6 13. Nf5 Nxd5 14. Nxd5 1-0

[Event "Baku Open 2024"]
[Site "Baku"]
[Date "2024.07.07"]
[Round "9.25"]
[White "Zhukova, Natalia"]
[Black "Prokhorov, Aleksey"]
[Result "1/2-1/2"]
[WhiteElo "2306"]
[BlackElo "2161"]
[Annotator "TA"]
[PlyCount "85"]
[EventDate "2024.06.29"]
[EventType "swiss"]
[EventCountry "AZE"]
[SourceTitle "playchess.com"]
[Source "ChessBase"]
[SourceQuality "1"]

1. d4 Nf6 2. c4 g6 3. Nc3 Bg7 4. e4 d6 5. Be2 O-O 6. Nf3 e5 7. O-O Na6 8. Be3 c6 9. d5 Ng4 10. Bg5 f6 11. Bh4 c5 12. Ne1 Nh6 13. f3 Nf7 14. a3 Bh6 15. Bf2 Bd7 16. Rb1 b6 17. b4 f5 18. Nd3 Nc7 19. Kh1 Ne8 20. bxc5 bxc5 21. f4 fxe4 22. Nxe4 exf4 23. Bg4 Bxg4 24. Qxg4 Nf6 25. Nxf6+ Qxf6 26. Bh4 Qd4 27. Nxf4 Qxc4 28. h3 Bxf4 29. Rxf4 Qxd5 30. Rd1 Qb7 31. Rf6 Kg7 32. Re6 Rfe8 33. Rde1 Rxe6 34. Qxe6 g5 35. Bg3 Rd8 36. Rf1 Qd7 37. Qf6+ Kg8 38. Bxd6 Nxd6 39. Qxg5+ Kh8 40. Qf6+ Kg8 41. Qg5+ Kh8 42. Qf6+ Kg8 43. Qg5+ 1/2-1/2

[Event "Baku Open 2024"]
[Site "Baku"]
[Date "2024.07.07"]
[Round "9.26"]
[White "Israilov, Agil"]
[Black "Mohamed Anees M"]
[Result "1/2-1/2"]
[WhiteElo "2141"]
[BlackElo "2306"]
[Annotator "TA"]
[PlyCount "83"]
[EventDate "2024.06.29"]
[EventType "swiss"]
[EventCountry "AZE"]
[SourceTitle "playchess.com"]
[Source "ChessBase"]
[SourceQuality "1"]

1. e4 c5 2. Nf3 e6 3. d3 Nc6 4. g3 g6 5. Bg2 Bg7 6. O-O Nge7 7. Nbd2 O-O 8. Qe2 d6 9. Re1 Rb8 10. h4 e5 11. Nf1 h6 12. Be3 Nd4 13. Nxd4 cxd4 14. Bd2 Be6 15. Nh2 f5 16. exf5 Nxf5 17. Nf1 Qb6 18. b3 Rbc8 19. Rac1 Rc7 20. c4 dxc3 21. Bxc3 Rcf7 22. Rc2 h5 23. Qe4 Kh7 24. Bb2 Nxh4 25. gxh4 Rxf2 26. Bd4 Rxf1+ 27. Bxf1 Qd8 28. Be3 d5 29. Qg2 Qxh4 30. Bf2 Qd8 31. Bg3 Rf5 32. Qh2 e4 33. Bh3 Rf3 34. Bxe6 Qb6+ 35. Kh1 Qxe6 36. dxe4 Be5 37. Rg1 Bxg3 38. Rxg3 Rf1+ 39. Kg2 Rf4 40. Re2 Qa6 41. Rge3 Rg4+ 42. Kh1 1/2-1/2

[Event "Baku Open 2024"]
[Site "Baku"]
[Date "2024.07.07"]
[Round "9.27"]
[White "Tsaruk, Maksim"]
[Black "Ahmadov, Fariz"]
[Result "1-0"]
[WhiteElo "2480"]
[BlackElo "2178"]
[Annotator "TA"]
[PlyCount "95"]
[EventDate "2024.06.29"]
[EventType "swiss"]
[EventCountry "AZE"]
[SourceTitle "playchess.com"]
[Source "ChessBase"]
[SourceQuality "1"]

1. e4 d5 2. exd5 Nf6 3. Nf3 Nxd5 4. d4 e6 5. c4 Nf6 6. Nc3 Be7 7. Be2 O-O 8. O-O c5 9. dxc5 Qxd1 10. Rxd1 Bxc5 11. Ne5 Nfd7 12. Nd3 Be7 13. Be3 Nc6 14. Rd2 b6 15. Rad1 Bb7 16. f4 Rfd8 17. Bf3 Na5 18. Bxb7 Nxb7 19. Nb5 Na5 20. b3 Nc6 21. Nb4 Nxb4 22. Rxd7 Nxa2 23. Rxd8+ Rxd8 24. Rxd8+ Bxd8 25. Nxa7 Nc3 26. Kf1 f6 27. Nc8 b5 28. Bd4 Ne4 29. cxb5 Nd2+ 30. Ke2 Nxb3 31. Kd3 Nxd4 32. Kxd4 Bc7 33. g3 e5+ 34. fxe5 Bxe5+ 35. Kd5 Bb8 36. b6 f5 37. Ne7+ Kf7 38. Nc6 f4 39. Nxb8 f3 40. Nc6 f2 41. b7 f1=Q 42. b8=Q Qg2+ 43. Kd6 Qd2+ 44. Kc7 Qxh2 45. Qb3+ Kf6 46. Qf3+ Kg6 47. Qb3 Kg5 48. Qe6 1-0

[Event "Baku Open 2024"]
[Site "Baku"]
[Date "2024.07.07"]
[Round "9.28"]
[White "Serikbay, Assel"]
[Black "Salimova, Nurgyul"]
[Result "1/2-1/2"]
[WhiteElo "2217"]
[BlackElo "2436"]
[Annotator "TA"]
[PlyCount "67"]
[EventDate "2024.06.29"]
[EventType "swiss"]
[EventCountry "AZE"]
[SourceTitle "playchess.com"]
[Source "ChessBase"]
[SourceQuality "1"]

1. d4 Nf6 2. c4 e6 3. Nf3 d5 4. Nc3 c6 5. Bg5 Be7 6. e3 Nbd7 7. Bd3 O-O 8. O-O dxc4 9. Bxc4 b5 10. Bd3 Bb7 11. Qe2 b4 12. Ne4 c5 13. Nxf6+ Bxf6 14. Bxf6 Qxf6 15. Bb5 Rfd8 16. Rfd1 Qe7 17. Rac1 cxd4 18. Rc7 Bxf3 19. Qxf3 Rab8 20. Ba4 Kf8 21. Qg3 Rbc8 22. Rxa7 d3 23. h3 Ra8 24. Rxa8 Rxa8 25. Bxd7 Qxd7 26. Qh4 Qd6 27. Qxh7 Rxa2 28. Qh8+ Ke7 29. Qxg7 d2 30. Qg5+ Ke8 31. Qg8+ Ke7 32. Qg5+ Ke8 33. Qg8+ Ke7 34. Qg5+ 1/2-1/2

[Event "Baku Open 2024"]
[Site "Baku"]
[Date "2024.07.07"]
[Round "9.29"]
[White "Galaktionov, Artem"]
[Black "Kairbekova, Amina"]
[Result "0-1"]
[WhiteElo "2358"]
[BlackElo "2244"]
[Annotator "TA"]
[PlyCount "84"]
[EventDate "2024.06.29"]
[EventType "swiss"]
[EventCountry "AZE"]
[SourceTitle "playchess.com"]
[Source "ChessBase"]
[SourceQuality "1"]

1. d4 Nf6 2. c4 g6 3. Nc3 Bg7 4. e4 d6 5. Nf3 O-O 6. Be2 e5 7. O-O Nc6 8. d5 Ne7 9. Ne1 Nd7 10. f3 f5 11. g4 f4 12. h4 Bf6 13. Ng2 Kh8 14. Bd2 Ng8 15. Be1 g5 16. h5 Be7 17. Kh2 Ndf6 18. Rh1 Nh6 19. Kg1 Bd7 20. Bf2 Qc8 21. Qd3 Nfxg4 22. fxg4 Nxg4 23. Bxg4 Bxg4 24. Kf1 Qe8 25. Nb5 Bd8 26. h6 Bd7 27. Kg1 a6 28. Nc3 g4 29. Rf1 Qg6 30. Nh4 Qg5 31. Nf5 g3 32. Bxg3 Rg8 33. Rf3 Bf6 34. Kf2 Rae8 35. Rh3 Qg4 36. Kg2 Rg6 37. b3 Reg8 38. Nd1 fxg3 39. Nde3 Qxh3+ 40. Kxh3 g2 41. Nxg2 Rxh6+ 42. Ngh4 Rxh4# 0-1

[Event "Baku Open 2024"]
[Site "Baku"]
[Date "2024.07.07"]
[Round "9.32"]
[White "Bizhigitov, Zhangir"]
[Black "Moosavifar, Seyed Abolfazl"]
[Result "1/2-1/2"]
[WhiteElo "2212"]
[BlackElo "2283"]
[Annotator "TA"]
[PlyCount "63"]
[EventDate "2024.06.29"]
[EventType "swiss"]
[EventCountry "AZE"]
[SourceTitle "playchess.com"]
[Source "ChessBase"]
[SourceQuality "1"]

1. e4 e5 2. Nf3 Nc6 3. Bb5 a6 4. Ba4 Nf6 5. O-O Nxe4 6. d4 b5 7. Bb3 d5 8. dxe5 Be6 9. Qe2 Nc5 10. Rd1 Nxb3 11. axb3 Be7 12. Nc3 O-O 13. h3 Nb4 14. Ne1 c5 15. Ne4 Qb6 16. Ng3 d4 17. Nd3 Nxd3 18. Qxd3 f6 19. exf6 Bxf6 20. Nh5 Bf7 21. Nxf6+ Qxf6 22. Qg3 Qg6 23. Bf4 Qxc2 24. b4 Bg6 25. bxc5 d3 26. b4 Qc4 27. Bd6 Rfe8 28. Qf4 Re4 29. Qf3 Rae8 30. Rxd3 R4e6 31. Re3 Be4 32. Qe2 1/2-1/2

[Event "Baku Open 2024"]
[Site "Baku"]
[Date "2024.07.07"]
[Round "9.33"]
[White "Kurmangaliyeva, Liya"]
[Black "Gurbanov, Ismayil"]
[Result "1-0"]
[WhiteElo "2282"]
[BlackElo "2163"]
[Annotator "TA"]
[PlyCount "117"]
[EventDate "2024.06.29"]
[EventType "swiss"]
[EventCountry "AZE"]
[SourceTitle "playchess.com"]
[Source "ChessBase"]
[SourceQuality "1"]

1. d4 Nf6 2. c4 e6 3. Nf3 b6 4. a3 Bb7 5. Nc3 d5 6. Qc2 Be7 7. Bf4 O-O 8. Rd1 dxc4 9. e4 b5 10. h4 b4 11. axb4 Bxb4 12. Ng5 h6 13. f3 hxg5 14. hxg5 Nfd7 15. Qf2 Re8 16. Qh4 Kf8 17. Qh7 g6 18. Bxc4 Ke7 19. Kf2 Na6 20. Ra1 Nab8 21. Nb5 Bd6 22. e5 Bb4 23. d5 Bxd5 24. Bxd5 Nf8 25. Qg7 exd5 26. Qf6+ Kd7 27. Qxf7+ Kc8 28. Rhc1 Ne6 29. Nd6+ Bxd6 30. exd6 Nd7 31. Bg3 c5 32. Qxg6 Kb7 33. Qd3 Nb6 34. Qa6+ Kc6 35. b4 Qc8 36. Qa5 c4 37. Rd1 Kd7 38. Rh1 Nxg5 39. Rh5 Nf7 40. Rh7 Ke6 41. Re1+ Kf6 42. Qa1+ c3 43. Rxe8 Qxe8 44. Qxc3+ Ke6 45. Qe3+ Kd7 46. Qf4 Kc6 47. Rxf7 Kb5 48. Re7 Qh8 49. Qd2 Rc8 50. Rxa7 Rc4 51. d7 Rxb4 52. Qe2+ Rc4 53. Be5 Qh4+ 54. Kg1 Qe7 55. f4 Nxd7 56. Rb7+ Ka6 57. Ra7+ Kb5 58. Qb2+ Qb4 59. Qxb4+ 1-0

[Event "Baku Open 2024"]
[Site "Baku"]
[Date "2024.07.07"]
[Round "9.35"]
[White "Davudov, Tunar"]
[Black "Bharadia Yash"]
[Result "0-1"]
[WhiteElo "2249"]
[BlackElo "2100"]
[Annotator "TA"]
[PlyCount "128"]
[EventDate "2024.06.29"]
[EventType "swiss"]
[EventCountry "AZE"]
[SourceTitle "playchess.com"]
[Source "ChessBase"]
[SourceQuality "1"]

1. d4 Nf6 2. c4 e6 3. Nf3 b6 4. g3 a5 5. Bg2 Ba6 6. Qc2 Bb4+ 7. Bd2 O-O 8. O-O d5 9. Bxb4 axb4 10. Nbd2 Nbd7 11. Ne5 Nxe5 12. dxe5 Ng4 13. cxd5 exd5 14. Nf3 Re8 15. Qf5 Nh6 16. Qf4 c5 17. Rfd1 Bxe2 18. Rd2 Bxf3 19. Bxf3 g5 20. Qf6 Qxf6 21. exf6 Rad8 22. Bxd5 Nf5 23. Kg2 Nd4 24. Bc4 Rd6 25. a3 b5 26. axb4 bxc4 27. bxc5 Rdd8 28. Ra4 Ne6 29. Rxd8 Rxd8 30. Rxc4 h6 31. c6 Kh7 32. b4 Nc7 33. Re4 Kg6 34. Re7 Rc8 35. Rd7 Kxf6 36. Rd6+ Kg7 37. Rd7 Kg6 38. Kf3 Kf6 39. Ke3 Nb5 40. Rd5 Nc3 41. Rc5 Na4 42. Rc2 Ke5 43. b5 Kd5 44. c7 Nb6 45. Rc6 Nd7 46. Kd2 f6 47. Kc2 Ne5 48. Rc3 Nc4 49. Kb3 Rxc7 50. Kb4 Rc8 51. Rf3 Ke6 52. Rc3 Nd6 53. Re3+ Kd7 54. Rd3 Rb8 55. Rd5 Ke6 56. Rc5 g4 57. Rh5 Rxb5+ 58. Rxb5 Nxb5 59. Kxb5 Kd5 60. Kb6 Ke4 61. Kc5 Kf3 62. Kd5 Kxf2 63. Ke4 Kg2 64. Kf5 h5 0-1

[Event "Baku Open 2024"]
[Site "Baku"]
[Date "2024.07.07"]
[Round "9.37"]
[White "Kulnev, Aleksandr"]
[Black "Putrenko, Kirill"]
[Result "1/2-1/2"]
[WhiteElo "2127"]
[BlackElo "2349"]
[Annotator "TA"]
[PlyCount "80"]
[EventDate "2024.06.29"]
[EventType "swiss"]
[EventCountry "AZE"]
[SourceTitle "playchess.com"]
[Source "ChessBase"]
[SourceQuality "1"]

1. d4 Nf6 2. c4 e6 3. Nf3 d5 4. g3 Bb4+ 5. Bd2 Be7 6. Bg2 O-O 7. O-O c6 8. Qc2 Nbd7 9. Bf4 a5 10. Rd1 h6 11. Nbd2 Nh5 12. Be3 Bd6 13. Nf1 Qe7 14. Bc1 b5 15. e4 dxe4 16. Qxe4 bxc4 17. Ne5 Nhf6 18. Qxc6 Ra6 19. Qb5 Rb6 20. Qxa5 Bb4 21. Qa4 Nxe5 22. dxe5 Ng4 23. Be3 Bc5 24. Qxc4 Nxe3 25. Nxe3 Bxe3 26. fxe3 Rxb2 27. Rab1 Qa3 28. Rxb2 Qxb2 29. Rd4 Qb1+ 30. Bf1 Bb7 31. Qb3 Qxb3 32. axb3 Rc8 33. Rb4 Rc7 34. Rc4 Rd7 35. Rd4 Rc7 36. Rc4 Rd7 37. Rd4 Rc7 38. Rd8+ Kh7 39. Bd3+ g6 40. b4 Kg7 1/2-1/2

[Event "Baku Open 2024"]
[Site "Baku"]
[Date "2024.07.07"]
[Round "9.40"]
[White "Saravana, Krishnan P."]
[Black "Voinikonis, Nikita"]
[Result "1/2-1/2"]
[WhiteElo "2236"]
[BlackElo "2129"]
[Annotator "TA"]
[PlyCount "59"]
[EventDate "2024.06.29"]
[EventType "swiss"]
[EventCountry "AZE"]
[SourceTitle "playchess.com"]
[Source "ChessBase"]
[SourceQuality "1"]

1. e4 e5 2. Nf3 Nf6 3. Nxe5 d6 4. Nf3 Nxe4 5. d3 Nf6 6. d4 g6 7. Be2 Bg7 8. O-O O-O 9. c4 Bg4 10. h3 Bxf3 11. Bxf3 Nc6 12. Nc3 Re8 13. Be3 Rb8 14. d5 Ne5 15. Be2 a6 16. Rc1 Ned7 17. Qc2 Re7 18. Bd2 Qf8 19. b4 Rbe8 20. Rfe1 Bh6 21. Bf1 Rxe1 22. Rxe1 Bxd2 23. Qxd2 Rxe1 24. Qxe1 Qe8 25. Qxe8+ Nxe8 26. h4 Kf8 27. g3 Ne5 28. Be2 Ke7 29. Nb1 c5 30. dxc6 1/2-1/2

[Event "Baku Open 2024"]
[Site "Baku"]
[Date "2024.07.07"]
[Round "9.41"]
[White "Sherali Pattnaik"]
[Black "Wagh Suyog"]
[Result "0-1"]
[WhiteElo "1955"]
[BlackElo "2230"]
[Annotator "TA"]
[PlyCount "104"]
[EventDate "2024.06.29"]
[EventType "swiss"]
[EventCountry "AZE"]
[SourceTitle "playchess.com"]
[Source "ChessBase"]
[SourceQuality "1"]

1. e4 c6 2. d4 d5 3. e5 Bf5 4. h4 h5 5. Bd3 Bxd3 6. Qxd3 Qa5+ 7. Nd2 e6 8. Ngf3 Ne7 9. O-O Nf5 10. Nb3 Qa6 11. Qd1 Be7 12. g3 Nd7 13. Bg5 Bxg5 14. Nxg5 Rc8 15. a3 g6 16. Re1 Kf8 17. Rc1 Kg7 18. Nh3 Qc4 19. Qd2 c5 20. dxc5 Qg4 21. Kh2 Nxc5 22. Nxc5 Rxc5 23. c4 Rhc8 24. cxd5 Nd4 25. Ng5 Rxc1 26. Rxc1 Nb3 27. Rxc8 Nxd2 28. d6 Qd4 29. Kg2 Qxe5 30. Rd8 Qe2 31. d7 Qf1+ 32. Kh2 Qxf2+ 33. Kh3 Qd4 34. Rh8 Qxd7 35. Rh7+ Kg8 36. Rxf7 Qxf7 37. Nxf7 Kxf7 38. g4 Kf6 39. gxh5 gxh5 40. b4 Kf5 41. b5 Kf4 42. b6 axb6 43. a4 Kf3 44. a5 bxa5 45. Kh2 a4 46. Kh3 b5 47. Kh2 e5 48. Kh3 e4 49. Kh2 e3 50. Kh3 e2 51. Kh2 e1=Q 52. Kh3 Qg3# 0-1

[Event "Baku Open 2024"]
[Site "Baku"]
[Date "2024.07.07"]
[Round "9.43"]
[White "Shahaliyev, Ismayil"]
[Black "Rebecca Jesumarian"]
[Result "1/2-1/2"]
[WhiteElo "2385"]
[BlackElo "1866"]
[Annotator "TA"]
[PlyCount "65"]
[EventDate "2024.06.29"]
[EventType "swiss"]
[EventCountry "AZE"]
[SourceTitle "playchess.com"]
[Source "ChessBase"]
[SourceQuality "1"]

1. Nf3 Nf6 2. d4 g6 3. c4 Bg7 4. g3 O-O 5. Bg2 d6 6. Nc3 Nc6 7. O-O a6 8. b3 Rb8 9. Bb2 b5 10. cxb5 axb5 11. d5 Na5 12. Nd4 Bd7 13. Rc1 e5 14. Nc2 b4 15. Nb1 c5 16. dxc6 Bxc6 17. Bxc6 Nxc6 18. Ne3 Qd7 19. Nc4 Rfd8 20. Nbd2 Qh3 21. f3 Nh5 22. Ne3 Ne7 23. Ng4 Nxg3 24. Nf2 Qh4 25. Rc4 e4 26. Ndxe4 Bxb2 27. hxg3 Qh6 28. Rc7 Nf5 29. Qd5 Qg7 30. Rb1 Bd4 31. Ng5 Rf8 32. Ne6 Bxf2+ 33. Kxf2 1/2-1/2

[Event "Baku Open 2024"]
[Site "Baku"]
[Date "2024.07.07"]
[Round "9.44"]
[White "Nurgali, Nazerke"]
[Black "Lyutsinger, Iren"]
[Result "1/2-1/2"]
[WhiteElo "2252"]
[BlackElo "2069"]
[Annotator "TA"]
[PlyCount "50"]
[EventDate "2024.06.29"]
[EventType "swiss"]
[EventCountry "AZE"]
[SourceTitle "playchess.com"]
[Source "ChessBase"]
[SourceQuality "1"]

1. Nf3 Nf6 2. b3 d5 3. Bb2 c5 4. e3 e6 5. Be2 Bd6 6. c4 Nc6 7. cxd5 exd5 8. O-O O-O 9. d4 cxd4 10. Nxd4 Bc7 11. Nd2 Re8 12. N2f3 Bg4 13. Rc1 Rc8 14. h3 Bh5 15. Nb5 Bb8 16. Nbd4 Qd7 17. Nxc6 Rxc6 18. Rxc6 bxc6 19. Qc2 Ne4 20. Rc1 c5 21. Qd3 Qd6 22. Kf1 h6 23. Qb5 Re6 24. Ba3 a6 25. Qb7 Kh7 1/2-1/2